000 00827nam a2200217 a 4500
001 000012910
005 20200929163111.0
008 091118s1991 dr 001 0 spa d
020 _z0847736628/0847736636
040 _aDO-SdBNP
_bspa
_cBNPHU
082 _axxx
_bD278c
100 1 _aDe Hosto, Eugenio María
_929798
245 1 0 _aCiencia de la Pedagogía :
_b(nociones e historia) /
_cEugenio María De Hosto; edición Julio César López, Vivian Quiles Calderín; prólogo Santos y Vargas, Leonides.
260 _aSan Juan :
_bInstituto de Cultura Puertorriqueña,
_c1991.
300 _av. ;
_c23 cm.
500 _aIncluye datos biográficos del autor
700 1 _aLópez, Julio César
_eed.
_99028
700 1 _aQuiles Calderín, Vivian
_eed.
_99027
700 1 _aSantos y Vargas, Leonides
_epról.
_929799
049 _aBNPD
999 _c12558
_d12558